A voz lírica do Alentejo (Record no. 16482)

MARC details
000 -Etiqueta do registo
Valores 00587nam a2200157 4500
010 ## - Número ISBN
ISBN 9789895663347
021 ## - Número do Depósito Legal
Número 521106/23
100 ## - Dados gerais de processamento
Dados gerais 20260420 pory50
200 ## - Titulo e menção de responsabilidade
Título próprio A voz lírica do Alentejo
Informação de outro título Contributo para o estudo da Literatura oral e tradicional do Concelho de Reguengos de Monsaraz
210 ## - Publicação
Local de publicação Lisboa
Nome do editor Ed. Colibri
Data de publicação 2024
215 ## - Descrição física 
Paginação / Volumes 403 p.
Dimensões 23 cm
300 ## - Notas gerais 
Texto da nota <br/>Tese dout. Estudos de Literatura e de Cultura (Literatura Oral Tradicional), Faculdade de Letras, Universidade de Lisboa, 2018<br/>
801 ## - Fonte de origem
País PT
Agência BMA
Regras de catalogação RPC
990 ## - Elementos KOHA
Tipo de documento Livro
Holdings
Situação do levantamento Estado Biblioteca de origem Código de barras Cota Permissão de empréstimo Tipo de documento Forma de aquisição
    Biblioteca Municipal do Alandroal 18473/ 25 398.5/.9(=1:469.512) MEN   Livro Oferta

Powered by Koha